[Event "Athens Iraklion op 25th"]
[Site "Athens"]
[Date "2023.06.23"]
[Round "7"]
[White "Fragkos, Vasilios"]
[Black "Vassis, Michail"]
[Result "0-1"]
[WhiteElo "2073"]
[BlackElo "1936"]
[PlyCount "65"]
[EventDate "2023.06.17"]
[EventType "swiss"]
[EventRounds "9"]
[EventCountry "GRE"]
[SourceTitle "CBM 214 Extra"]
[Source "ChessBase"]
[SourceDate "2023.07.31"]
[SourceVersion "1"]
[SourceVersionDate "2023.07.31"]
[SourceQuality "1"]

1. e4 e6 2. d3 d5 3. Nd2 c5 4. Ngf3 b6 5. c3 Bb7 6. exd5 exd5 7. d4 Bd6 8. Bd3 c4 9. Bc2 Nd7 10. 0-0 h6 11. Re1+ Ne7 12. Ne5 0-0 13. Qh5 Nf6 14. Qh4 Bc8 15. Ndf3 Ne8 16. g4 Bxe5 17. Nxe5 Nc6 18. g5 Nxe5 19. dxe5 Qe7 20. Qh5 g6 21. Qxh6 Ng7 22. Bf4 Bf5 23. Bd1 Be4 24. Bg4 Bf5 25. Bf3 Be6 26. Bd1 Nf5 27. Qh3 Kg7 28. Bg4 Rh8 29. Qg2 Nh4 30. Qg3 Bxg4 31. Qxg4 Qe6 32. Qe2 Qh3 33. Bg3 0-1

[Event "Athens Siaperas Memorial 16th"]
[Site "Athens"]
[Date "2020.02.01"]
[Round "4"]
[White "Mitzas, Dimitris"]
[Black "Fragkos, Vasilios"]
[Result "0-1"]
[WhiteElo "1532"]
[BlackElo "2041"]
[PlyCount "62"]
[EventDate "2020.01.11"]
[EventType "swiss"]
[EventRounds "7"]
[EventCountry "GRE"]
[SourceTitle "EXT 2021"]
[Source "ChessBase"]
[SourceDate "2020.10.23"]
[SourceVersion "1"]
[SourceVersionDate "2020.10.23"]
[SourceQuality "1"]

1. e4 d6 2. d4 Nf6 3. Nc3 g6 4. Be3 c6 5. f3 Nbd7 6. Qd2 b5 7. 0-0-0 b4 8. Na4 Qa5 9. b3 Bg7 10. Kb1 Rb8 11. Bh6 Bxh6 12. Qxh6 Nb6 13. Nb2 Be6 14. Ne2 Kd7 15. Nf4 g5 16. Nxe6 fxe6 17. Nc4 Nxc4 18. Bxc4 Rbg8 19. g4 Rg6 20. Qh3 e5 21. Qg3 exd4 22. Rxd4 Kc7 23. Re1 Qe5 24. Qxe5 dxe5 25. Rd2 Rh6 26. Red1 Rh3 27. Rf2 Nd7 28. Be6 Nc5 29. Bc4 Rf8 30. Be2 Nxe4 31. Rff1 Nc3+ 0-1

[Event "GRE-chT 47th"]
[Site "Patras"]
[Date "2019.07.05"]
[Round "5.5"]
[White "Ergazakis, Ioannis"]
[Black "Fragkos, Vasilios"]
[Result "1/2-1/2"]
[WhiteElo "2281"]
[BlackElo "2044"]
[PlyCount "79"]
[EventDate "2019.07.02"]
[EventType "team-swiss"]
[EventRounds "7"]
[EventCountry "GRE"]
[SourceTitle "CBM 191 Extra"]
[Source "ChessBase"]
[SourceDate "2019.09.30"]
[SourceVersion "1"]
[SourceVersionDate "2019.09.30"]
[SourceQuality "1"]
[WhiteTeam "Heraklion Attica"]
[BlackTeam "Peristeriou SH"]
[WhiteTeamCountry "GRE"]
[BlackTeamCountry "GRE"]

1. e4 c5 2. Nf3 Nc6 3. Nc3 e5 4. Bc4 d6 5. d3 Be7 6. Nd2 Nf6 7. Nf1 Bg4 8. f3 Be6 9. Ne3 0-0 10. 0-0 a6 11. a4 Nb4 12. a5 Nc6 13. Bxe6 fxe6 14. Nc4 Qc7 15. f4 d5 16. exd5 exd5 17. Nxe5 Nxe5 18. fxe5 Qxe5 19. Bf4 Qe6 20. Qf3 Rae8 21. Rae1 Qc6 22. Be5 Rd8 23. Qh3 Qd7 24. Qxd7 Rxd7 25. Na4 c4 26. Nb6 Bc5+ 27. d4 Bxb6 28. axb6 Ne4 29. Rxf8+ Kxf8 30. Bc7 Rf7 31. Ra1 Ke7 32. b3 c3 33. Re1 Kd7 34. Re2 Kc6 35. h4 Kb5 36. Re1 Kb4 37. Ra1 Kb5 38. Re1 Kb4 39. Ra1 Kb5 40. Re1 1/2-1/2

[Event "GRE-chT 47th"]
[Site "Patras"]
[Date "2019.07.03"]
[Round "2.6"]
[White "Fragkos, Vasilios"]
[Black "Souleidis, Georgios"]
[Result "0-1"]
[WhiteElo "2044"]
[BlackElo "2426"]
[PlyCount "86"]
[EventDate "2019.07.02"]
[EventType "team-swiss"]
[EventRounds "7"]
[EventCountry "GRE"]
[SourceTitle "CBM 191 Extra"]
[Source "ChessBase"]
[SourceDate "2019.09.30"]
[SourceVersion "1"]
[SourceVersionDate "2019.09.30"]
[SourceQuality "1"]
[WhiteTeam "Peristeriou SH"]
[BlackTeam "Heraklion OF"]
[WhiteTeamCountry "GRE"]
[BlackTeamCountry "GRE"]

1. d4 Nf6 2. Bg5 e6 3. Nd2 c5 4. e3 d5 5. c3 h6 6. Bh4 Nbd7 7. f4 cxd4 8. cxd4 Qb6 9. Qb3 Bb4 10. Bxf6 Nxf6 11. Ngf3 Bd7 12. a3 Bxd2+ 13. Nxd2 Qa5 14. Bd3 0-0 15. Ke2 Bc6 16. Rac1 Ne4 17. Nf3 Rfc8 18. Qb4 Qxb4 19. axb4 Nd6 20. b3 f6 21. Rc5 Kf7 22. Rhc1 Ke7 23. Ra5 a6 24. Kd2 Kd7 25. Raa1 Bb5 26. g4 Bxd3 27. Kxd3 Ne4 28. Nd2 Nd6 29. Nf3 Rxc1 30. Rxc1 Rc8 31. Rxc8 Kxc8 32. g5 Kd7 33. gxh6 gxh6 34. Nd2 Kc6 35. e4 dxe4+ 36. Nxe4 Ne8 37. Nc3 f5 38. Ke3 Nf6 39. h3 Nd5+ 40. Nxd5 exd5 41. Kd3 Kb5 42. Kc3 h5 43. h4 b6 0-1

[Event "GRE-chT 46th"]
[Site "Rio Achaia"]
[Date "2018.07.14"]
[Round "6.11"]
[White "Fragkos, Vasilios"]
[Black "Tzagarakis, Panagiotis"]
[Result "1-0"]
[WhiteElo "2066"]
[BlackElo "1573"]
[PlyCount "113"]
[EventDate "2018.07.10"]
[EventType "team"]
[EventRounds "7"]
[EventCountry "GRE"]
[SourceTitle "CBM 185 Extra"]
[Source "ChessBase"]
[SourceDate "2018.07.29"]
[SourceVersion "1"]
[SourceVersionDate "2018.07.29"]
[SourceQuality "1"]
[WhiteTeam "Portrait"]
[BlackTeam "Chania Kaissa"]
[WhiteTeamCountry "GRE"]
[BlackTeamCountry "GRE"]

1. Nf3 Nf6 2. c4 c5 3. g3 g6 4. Bg2 Bg7 5. 0-0 0-0 6. Nc3 d5 7. cxd5 Nxd5 8. Qb3 Nb6 9. d3 Nc6 10. Qb5 Nd7 11. Be3 a6 12. Qa4 Rb8 13. Rab1 e5 14. Bg5 f6 15. Bd2 Nd4 16. Nxd4 exd4 17. Ne4 Qe7 18. Bf4 Ne5 19. Bxe5 Qxe5 20. Qc4+ Be6 21. Qxc5 f5 22. Qxe5 Bxe5 23. Nc5 Bc8 24. Rbc1 b6 25. Nb3 Be6 26. Nd2 Rfc8 27. f4 Bf6 28. a3 Kf8 29. Kf2 Ke7 30. h4 h5 31. Bf3 Bg7 32. Bg2 Bf6 33. Nf3 Bd5 34. Ng5 Bxg2 35. Kxg2 Bxg5 36. hxg5 Ke6 37. Kf3 Kd5 38. e4+ dxe3 39. Kxe3 Re8+ 40. Kd2 Rbc8 41. Rxc8 Rxc8 42. Re1 Kd6 43. b3 Rh8 44. Kc3 h4 45. gxh4 Rxh4 46. Re8 Rxf4 47. Rg8 Rg4 48. Rxg6+ Kc7 49. Rg7+ Kc6 50. g6 b5 51. Rg8 Kb7 52. g7 a5 53. d4 Rg3+ 54. Kd2 f4 55. d5 Rg6 56. Ke2 Kc7 57. Ra8 1-0

[Event "GRE-chT 46th"]
[Site "Rio Achaia"]
[Date "2018.07.11"]
[Round "2.3"]
[White "Dorfanis, Ilarion"]
[Black "Fragkos, Vasilios"]
[Result "1-0"]
[WhiteElo "2179"]
[BlackElo "2066"]
[PlyCount "73"]
[EventDate "2018.07.10"]
[EventType "team"]
[EventRounds "7"]
[EventCountry "GRE"]
[SourceTitle "CBM 185 Extra"]
[Source "ChessBase"]
[SourceDate "2018.07.29"]
[SourceVersion "1"]
[SourceVersionDate "2018.07.29"]
[SourceQuality "1"]
[WhiteTeam "Thessaloniki"]
[BlackTeam "Portrait"]
[WhiteTeamCountry "GRE"]
[BlackTeamCountry "GRE"]

1. Nf3 Nf6 2. c4 e6 3. d4 c5 4. d5 exd5 5. cxd5 d6 6. Nc3 g6 7. Bf4 a6 8. a4 Bg7 9. h3 0-0 10. e3 Qe7 11. Nd2 Nbd7 12. Nc4 Ne8 13. Qb3 f5 14. Be2 Ne5 15. Nb6 Rb8 16. 0-0 g5 17. Bxe5 Bxe5 18. a5 g4 19. Nxc8 Rxc8 20. Ra4 gxh3 21. g3 Qg7 22. Kh2 c4 23. Rxc4 Rxc4 24. Qxc4 f4 25. exf4 Rxf4 26. Qd3 Nf6 27. Kxh3 Rb4 28. f4 Bd4 29. Rc1 Bc5 30. Rc2 Qd7+ 31. Kg2 Ng4 32. Bxg4 Qxg4 33. Ne4 Qg7 34. Nxc5 dxc5 35. Rxc5 Rxb2+ 36. Kf3 Qd7 37. Qc3 1-0

[Event "GRE-chT 46th"]
[Site "Rio Achaia"]
[Date "2018.07.10"]
[Round "1.12"]
[White "Fragkos, Vasilios"]
[Black "Sgouros, Apostolos"]
[Result "1-0"]
[WhiteElo "2066"]
[BlackElo "2024"]
[PlyCount "69"]
[EventDate "2018.07.10"]
[EventType "team"]
[EventRounds "7"]
[EventCountry "GRE"]
[SourceTitle "CBM 185 Extra"]
[Source "ChessBase"]
[SourceDate "2018.07.29"]
[SourceVersion "1"]
[SourceVersionDate "2018.07.29"]
[SourceQuality "1"]
[WhiteTeam "Portrait"]
[BlackTeam "Kalamata Poseidon"]
[WhiteTeamCountry "GRE"]
[BlackTeamCountry "GRE"]

1. e4 c5 2. b3 e5 3. Bb2 d6 4. Nf3 Be7 5. Bb5+ Bd7 6. Bxd7+ Qxd7 7. 0-0 Nf6 8. Re1 Nc6 9. d3 0-0 10. Nbd2 b5 11. a4 a6 12. Nf1 Rfc8 13. Ne3 Bd8 14. c3 Ba5 15. Re2 Re8 16. axb5 axb5 17. Nf5 d5 18. Qc1 h6 19. N3h4 Ne7 20. Nxh6+ gxh6 21. Qxh6 Qg4 22. Re3 Qf4 23. Rg3+ Ng6 24. Rxg6+ fxg6 25. Qxg6+ Kf8 26. Nf5 Re6 27. Qg7+ Ke8 28. Bc1 Qg4 29. Bg5 Bd8 30. Re1 Qh5 31. exd5 Nxd5 32. Bxd8 Rxd8 33. Qg8+ Kd7 34. Qxe6+ Kxe6 35. Ng7+ 1-0

[Event "Athens ChessSquare Celebration op"]
[Site "Athens"]
[Date "2017.12.09"]
[Round "6"]
[White "Fragkos, Vasilios"]
[Black "Loupos, Vasilios"]
[Result "0-1"]
[WhiteElo "2060"]
[BlackElo "1824"]
[PlyCount "75"]
[EventDate "2017.11.04"]
[EventType "swiss"]
[EventRounds "7"]
[EventCountry "GRE"]
[SourceTitle "EXT 2024"]
[Source "ChessBase"]
[SourceDate "2023.10.10"]
[SourceVersion "1"]
[SourceVersionDate "2023.10.10"]
[SourceQuality "1"]

1. d4 c5 2. c3 e6 3. Nf3 d5 4. Bf4 Nf6 5. e3 Nc6 6. Nbd2 Be7 7. Bd3 Nh5 8. Be5 Nf6 9. Bg3 Nh5 10. Ne5 Nxg3 11. hxg3 Nxe5 12. dxe5 Qb6 13. Rb1 a5 14. Qg4 g6 15. Qf4 Bd7 16. b3 Qd8 17. g4 b5 18. Nf3 b4 19. c4 a4 20. cxd5 exd5 21. g5 Qb8 22. e4 Be6 23. exd5 Bxd5 24. Bc4 Bxc4 25. Qxc4 axb3 26. axb3 Qc8 27. Rd1 Qf5 28. Qb5+ Kf8 29. Qb7 Re8 30. 0-0 h6 31. gxh6 Rxh6 32. Rfe1 Qh5 33. Kf1 Qh1+ 34. Ng1 g5 35. Rd7 Re6 36. Re3 Qh7 37. g3 g4 38. Re4 0-1

[Event "Athens ChessSquare Celebration op"]
[Site "Athens"]
[Date "2017.11.11"]
[Round "2"]
[White "Fragkos, Vasilios"]
[Black "Hrysogelou, Athanasia Panagiota"]
[Result "1-0"]
[WhiteElo "2060"]
[BlackElo "1830"]
[PlyCount "63"]
[EventDate "2017.11.04"]
[EventType "swiss"]
[EventRounds "7"]
[EventCountry "GRE"]
[SourceTitle "EXT 2024"]
[Source "ChessBase"]
[SourceDate "2023.10.10"]
[SourceVersion "1"]
[SourceVersionDate "2023.10.10"]
[SourceQuality "1"]

1. d4 Nf6 2. Bg5 g6 3. Bxf6 exf6 4. e3 d5 5. Ne2 Nd7 6. Nf4 Nb6 7. Nd2 Bd6 8. Qf3 c6 9. Bd3 0-0 10. 0-0-0 Na4 11. h4 a5 12. Nb1 b5 13. g4 Nb6 14. Rdg1 b4 15. g5 f5 16. h5 Qc7 17. Rh4 Bxf4 18. exf4 Kg7 19. Rgh1 Rh8 20. Qh3 Kg8 21. Nd2 Ba6 22. hxg6 fxg6 23. Rh6 Qf7 24. Nf3 Nd7 25. Nh4 Nf8 26. Bxf5 gxf5 27. g6 Qc7 28. Qxf5 Qg7 29. Rg1 hxg6 30. Rxh8+ Kxh8 31. Nxg6+ Nxg6 32. Rxg6 1-0

[Event "Peristeri Young Men 1st"]
[Site "Peristeri"]
[Date "2015.12.09"]
[Round "4"]
[White "Sienczewski, Zbigniew"]
[Black "Fragkos, Vasilios"]
[Result "0-1"]
[WhiteElo "2062"]
[BlackElo "2065"]
[PlyCount "110"]
[EventDate "2015.11.09"]
[EventType "tourn"]
[EventRounds "7"]
[EventCountry "GRE"]
[SourceTitle "EXT 2024"]
[Source "ChessBase"]
[SourceDate "2023.10.10"]
[SourceVersion "1"]
[SourceVersionDate "2023.10.10"]
[SourceQuality "1"]

1. Nf3 c5 2. g3 b6 3. Bg2 Bb7 4. c4 Nf6 5. Nc3 g6 6. 0-0 Bg7 7. d4 cxd4 8. Qxd4 0-0 9. Qd3 d6 10. Bg5 Nbd7 11. Rac1 a6 12. b3 Rc8 13. h3 Rc5 14. Qd2 Qa8 15. Be3 Rf5 16. Ne1 Bxg2 17. Nxg2 Ne4 18. Nxe4 Qxe4 19. f3 Qb7 20. g4 Ra5 21. Nf4 Nf6 22. Rfd1 h5 23. b4 Ra3 24. g5 Nd7 25. Rc2 Ne5 26. Qd5 Qc7 27. Qe4 e6 28. Rdc1 Qe7 29. h4 b5 30. Bd4 bxc4 31. Bxe5 Bxe5 32. Nxg6 fxg6 33. Qxg6+ Qg7 34. Qxe6+ Qf7 35. Qh6 c3 36. Kh1 Ra4 37. a3 a5 38. g6 Qg7 39. Qxh5 axb4 40. Qg4 Qe7 41. e3 Kg7 42. axb4 Qb7 43. e4 Rxb4 44. h5 Rh8 45. Kg2 Rb2 46. Qf5 Qb3 47. Qd7+ Kh6 48. g7 Rxc2+ 49. Rxc2 Qxc2+ 50. Kf1 Qd1+ 51. Kf2 Bd4+ 52. Kg2 Qe2+ 53. Kg3 Qf2+ 54. Kg4 Qg2+ 55. Kf5 Qg5+ 0-1

[Event "Ambelokipi op 138th"]
[Site "Athens"]
[Date "2013.10.12"]
[Round "5"]
[White "Nemtsas, Hristoforos"]
[Black "Fragkos, Vasilios"]
[Result "1/2-1/2"]
[WhiteElo "1909"]
[BlackElo "2065"]
[PlyCount "60"]
[EventDate "2013.09.14"]
[EventType "swiss"]
[EventRounds "7"]
[EventCountry "GRE"]
[SourceTitle "EXT 2024"]
[Source "ChessBase"]
[SourceDate "2023.10.10"]
[SourceVersion "1"]
[SourceVersionDate "2023.10.10"]
[SourceQuality "1"]

1. d4 g6 2. c4 Bg7 3. Nc3 c5 4. d5 Bxc3+ 5. bxc3 f5 6. Nf3 Nf6 7. Bh6 Qa5 8. Qd3 d6 9. g3 Rg8 10. Qc2 Nbd7 11. Nd2 Nb6 12. Bg2 Qa6 13. Qd3 Ng4 14. Bf4 g5 15. h3 Nf6 16. Be3 Bd7 17. 0-0 0-0-0 18. a4 Nxa4 19. Rfb1 Qa5 20. Ra3 a6 21. Qc2 b5 22. cxb5 axb5 23. Qb3 Kc7 24. Nc4 Qa7 25. Nb2 Ra8 26. Bd2 Qb7 27. Nxa4 Qa7 28. Qc2 bxa4 29. c4 Rgb8 30. Rxb8 Qxb8 1/2-1/2

[Event "Nikaia op 19th"]
[Site "Nikaia"]
[Date "2011.08.30"]
[Round "6"]
[White "Fragkos, Vasilios"]
[Black "Marianidis, Dimitrios"]
[Result "1-0"]
[WhiteElo "2022"]
[BlackElo "1943"]
[PlyCount "47"]
[EventDate "2011.08.26"]
[EventType "swiss"]
[EventRounds "9"]
[EventCountry "GRE"]
[SourceTitle "CBM 144 Extra"]
[Source "ChessBase"]
[SourceDate "2011.10.28"]
[SourceVersion "1"]
[SourceVersionDate "2011.10.28"]
[SourceQuality "1"]

1. e4 c5 2. Nf3 d6 3. Bb5+ Nd7 4. 0-0 a6 5. Bxd7+ Bxd7 6. d4 cxd4 7. Qxd4 e6 8. c4 Rc8 9. Bg5 Qc7 10. Nbd2 e5 11. Qd3 h6 12. Be3 Nf6 13. h3 Be6 14. Rfc1 Be7 15. Nh4 Ng4 16. Nf5 Bxf5 17. exf5 Nxe3 18. fxe3 0-0 19. Ne4 Qb6 20. b3 Rfd8 21. f6 gxf6 22. Rf1 Kg7 23. Ng3 Bf8 24. Nh5+ 1-0

[Event "Nikaia op 19th"]
[Site "Nikaia"]
[Date "2011.08.29"]
[Round "5"]
[White "Kostouros, Alexandros"]
[Black "Fragkos, Vasilios"]
[Result "1-0"]
[WhiteElo "2166"]
[BlackElo "2022"]
[PlyCount "105"]
[EventDate "2011.08.26"]
[EventType "swiss"]
[EventRounds "9"]
[EventCountry "GRE"]
[SourceTitle "CBM 144 Extra"]
[Source "ChessBase"]
[SourceDate "2011.10.28"]
[SourceVersion "1"]
[SourceVersionDate "2011.10.28"]
[SourceQuality "1"]

1. e4 e5 2. Nf3 Nc6 3. d4 exd4 4. Nxd4 Bc5 5. Be3 Qf6 6. c3 Nge7 7. Be2 d5 8. Bf3 Bxd4 9. cxd4 dxe4 10. Bxe4 Bf5 11. Nc3 Bxe4 12. Nxe4 Qg6 13. Qf3 0-0-0 14. Nc5 Qf5 15. Qe2 Nxd4 16. Bxd4 Rxd4 17. Qxe7 Rd5 18. 0-0 Rxc5 19. Qe3 b6 20. b4 Rc2 21. a4 a5 22. bxa5 Qxa5 23. Qb3 Qc5 24. a5 b5 25. a6 Rc3 26. Qxf7 Rf8 27. Qxg7 Rc2 28. Qg4+ Kb8 29. Qe4 Qc6 30. Qxh7 Ka7 31. Qd3 Rc3 32. Qd4+ Ka8 33. Rfd1 Rc2 34. a7 Kb7 35. h4 Rg8 36. Qd5 Ra8 37. Qxc6+ Kxc6 38. h5 b4 39. h6 b3 40. Rdc1 Rxa7 41. Rxc2+ bxc2 42. Rc1 Ra5 43. Rxc2+ Kd6 44. g4 Rg5 45. f3 Rg8 46. Rh2 Ke6 47. Kf2 Ke5 48. Kg3 c5 49. f4+ Ke4 50. h7 Rh8 51. g5 Kf5 52. Rh6 c4 53. Kf3 1-0

[Event "Nikaia op 19th"]
[Site "Nikaia"]
[Date "2011.08.27"]
[Round "2"]
[White "Zygouris, Hristos"]
[Black "Fragkos, Vasilios"]
[Result "1-0"]
[WhiteElo "2240"]
[BlackElo "2022"]
[PlyCount "95"]
[EventDate "2011.08.26"]
[EventType "swiss"]
[EventRounds "9"]
[EventCountry "GRE"]
[SourceTitle "CBM 144 Extra"]
[Source "ChessBase"]
[SourceDate "2011.10.28"]
[SourceVersion "1"]
[SourceVersionDate "2011.10.28"]
[SourceQuality "1"]

1. c4 e5 2. g3 Nf6 3. Bg2 d5 4. cxd5 Nxd5 5. Nc3 Nb6 6. d3 Be7 7. Be3 Nc6 8. Bxc6+ bxc6 9. Nf3 f6 10. 0-0 Be6 11. Rc1 Nd5 12. Bd2 Nxc3 13. Bxc3 0-0 14. Qa4 Qd5 15. b3 Qb5 16. Qa5 Bd6 17. Nd2 Bd5 18. Rfd1 Rab8 19. Nc4 a6 20. Rd2 Rf7 21. Nxd6 cxd6 22. e4 Be6 23. d4 Rd7 24. dxe5 fxe5 25. Qa3 c5 26. Kg2 Qc6 27. f3 g5 28. Re1 Rf8 29. Qc1 g4 30. fxg4 Bxg4 31. Rf2 Rxf2+ 32. Kxf2 Rf7+ 33. Kg1 Qb6 34. Qg5+ Rg7 35. Qe3 Qd8 36. Rf1 h5 37. Qh6 Qe7 38. Rf6 Rh7 39. Rg6+ Kh8 40. Qd2 Be6 41. h4 Qe8 42. Qg5 Qe7 43. Bxe5+ dxe5 44. Qxe5+ Rg7 45. Rxe6 Qf7 46. Rh6+ Kg8 47. Qb8+ Qf8 48. Rh8+ 1-0

[Event "Isthmia op 1st"]
[Site "Vrachati"]
[Date "2011.08.25"]
[Round "9"]
[White "Nikolaidis, Konstantinos"]
[Black "Fragkos, Vasilios"]
[Result "1/2-1/2"]
[WhiteElo "2274"]
[BlackElo "2022"]
[PlyCount "26"]
[EventDate "2011.08.18"]
[EventType "swiss"]
[EventRounds "9"]
[EventCountry "GRE"]
[SourceTitle "CBM 144 Extra"]
[Source "ChessBase"]
[SourceDate "2011.10.28"]
[SourceVersion "1"]
[SourceVersionDate "2011.10.28"]
[SourceQuality "1"]

1. d4 d5 2. c4 dxc4 3. e4 e5 4. Nf3 exd4 5. Bxc4 Bb4+ 6. Bd2 Bxd2+ 7. Nbxd2 Qf6 8. e5 Qg6 9. Qb3 Nc6 10. Bd3 Qe6 11. Bc4 Qg6 12. Bd3 Qe6 13. Bc4 Qg6 1/2-1/2

[Event "Isthmia op 1st"]
[Site "Vrachati"]
[Date "2011.08.23"]
[Round "7"]
[White "Spiropoulos, Panayotis"]
[Black "Fragkos, Vasilios"]
[Result "1/2-1/2"]
[WhiteElo "2086"]
[BlackElo "2022"]
[PlyCount "65"]
[EventDate "2011.08.18"]
[EventType "swiss"]
[EventRounds "9"]
[EventCountry "GRE"]
[SourceTitle "CBM 144 Extra"]
[Source "ChessBase"]
[SourceDate "2011.10.28"]
[SourceVersion "1"]
[SourceVersionDate "2011.10.28"]
[SourceQuality "1"]

1. e4 c5 2. Nf3 d6 3. d4 cxd4 4. Nxd4 Nf6 5. Nc3 e5 6. Bb5+ Bd7 7. Bxd7+ Qxd7 8. Nde2 Nc6 9. 0-0 Be7 10. Ng3 g6 11. Bg5 0-0 12. Bxf6 Bxf6 13. Nd5 Bg7 14. c3 Ne7 15. Qd3 Nxd5 16. Qxd5 Rac8 17. Rfd1 Rfd8 18. c4 Rc5 19. Qd3 b5 20. cxb5 Rxb5 21. b3 d5 22. a4 Rb4 23. Qxd5 Qxd5 24. Rxd5 Rxd5 25. exd5 Rd4 26. Rc1 Rxd5 27. Kf1 Bf8 28. Rc7 a5 29. Ne4 Rd3 30. Nf6+ Kg7 31. Ne8+ Kg8 32. Nf6+ Kg7 33. Ne8+ 1/2-1/2

[Event "Isthmia op 1st"]
[Site "Vrachati"]
[Date "2011.08.22"]
[Round "6"]
[White "Fragkos, Vasilios"]
[Black "Gripeos, Kiriakos"]
[Result "1-0"]
[WhiteElo "2022"]
[BlackElo "2127"]
[PlyCount "99"]
[EventDate "2011.08.18"]
[EventType "swiss"]
[EventRounds "9"]
[EventCountry "GRE"]
[SourceTitle "CBM 144 Extra"]
[Source "ChessBase"]
[SourceDate "2011.10.28"]
[SourceVersion "1"]
[SourceVersionDate "2011.10.28"]
[SourceQuality "1"]

1. e4 c5 2. Nf3 d6 3. Bb5+ Bd7 4. Bxd7+ Nxd7 5. 0-0 Ngf6 6. Re1 e6 7. c3 Be7 8. d4 0-0 9. e5 Ne8 10. exd6 Nxd6 11. d5 exd5 12. Qxd5 Rc8 13. Bg5 Nb6 14. Bxe7 Nxd5 15. Bxd8 Rfxd8 16. Na3 c4 17. g3 Nb6 18. Rad1 Ne8 19. Ne5 Rxd1 20. Rxd1 f6 21. Nf3 Na4 22. Rd7 Rc7 23. Rd8 Kf7 24. Nb5 Re7 25. b3 cxb3 26. axb3 Nc5 27. b4 Ne6 28. Rd3 a6 29. Na3 Rc7 30. c4 b6 31. Nd2 Ke7 32. Ndb1 Rd7 33. Re3 Kf7 34. Nc3 N8c7 35. Na4 b5 36. Nc3 a5 37. Naxb5 axb4 38. Nxc7 Rxc7 39. Nb5 Rd7 40. Rb3 Nd4 41. Rxb4 Ne6 42. Nc3 Rd4 43. Nd5 h5 44. Rb7+ Kf8 45. Ne3 h4 46. Nf5 Rd1+ 47. Kg2 hxg3 48. hxg3 g6 49. Ne3 f5 50. Nxd1 1-0

[Event "GRE-ch U18/20"]
[Site "Peristeri"]
[Date "2011.01.09"]
[Round "9"]
[White "Kazantzidis, Ilias"]
[Black "Fragkos, Vasilios"]
[Result "1-0"]
[WhiteElo "2078"]
[BlackElo "1975"]
[PlyCount "81"]
[EventDate "2011.01.03"]
[EventType "swiss"]
[EventRounds "9"]
[EventCountry "GRE"]
[SourceTitle "CBM 140 Extra"]
[Source "ChessBase"]
[SourceDate "2011.03.01"]
[SourceVersion "1"]
[SourceVersionDate "2011.03.01"]
[SourceQuality "1"]

1. d4 Nf6 2. Bg5 Ne4 3. Bf4 c5 4. f3 Qa5+ 5. c3 Nf6 6. d5 Qb6 7. e4 e6 8. Na3 exd5 9. exd5 Qxb2 10. Nb5 Na6 11. Rc1 Qxa2 12. c4 Kd8 13. Nh3 h6 14. Ra1 Qb2 15. Rb1 Qa2 16. Be5 Qa5+ 17. Kf2 Ne8 18. d6 f6 19. Bg3 Qa2+ 20. Be2 Nb4 21. Nf4 g5 22. Nd5 Qc2 23. Nbc7 Qxd1 24. Rbxd1 Rb8 25. Nxe8 Kxe8 26. Nxf6+ Kf7 27. Nd5 Bg7 28. Nxb4 cxb4 29. c5 a5 30. Rhe1 b5 31. cxb6 Rxb6 32. Bc4+ Kg6 33. Re7 Bf6 34. Bd3+ Kh5 35. Rf7 Bd4+ 36. Kf1 Re8 37. Bc4 Be5 38. Re7 Rf8 39. Bxe5 Ba6 40. g4+ Kh4 41. Kg2 1-0

[Event "GRE-ch U18/20"]
[Site "Peristeri"]
[Date "2011.01.05"]
[Round "4"]
[White "Fragkos, Vasilios"]
[Black "Mihopoulos, Konstantinos"]
[Result "0-1"]
[WhiteElo "1975"]
[BlackElo "1964"]
[PlyCount "104"]
[EventDate "2011.01.03"]
[EventType "swiss"]
[EventRounds "9"]
[EventCountry "GRE"]
[SourceTitle "CBM 140 Extra"]
[Source "ChessBase"]
[SourceDate "2011.03.01"]
[SourceVersion "1"]
[SourceVersionDate "2011.03.01"]
[SourceQuality "1"]

1. e4 g6 2. d4 Bg7 3. Nc3 d6 4. Be3 a6 5. Qd2 b5 6. 0-0-0 Bb7 7. f3 Nd7 8. g4 b4 9. Nb1 Rb8 10. d5 c5 11. dxc6 Bxc6 12. Ba7 Rc8 13. Bd4 e5 14. Be3 Qa5 15. Bc4 Bf8 16. a3 Ngf6 17. axb4 Qc7 18. Nc3 Nb6 19. Bxa6 Ra8 20. Qd3 Be7 21. Bh6 Nfd7 22. Nge2 Nb8 23. b5 Bd7 24. Nd5 Nxd5 25. Qxd5 Qa7 26. Qd3 Nxa6 27. bxa6 Qxa6 28. Qxa6 Rxa6 29. Be3 f5 30. gxf5 gxf5 31. b3 Rg8 32. exf5 Bxf5 33. Ng3 Be6 34. Kb2 d5 35. Ra1 Rxa1 36. Rxa1 Bf6 37. Bd2 e4+ 38. c3 exf3 39. Be3 Be5 40. Bf2 Bxg3 41. Bxg3 Rxg3 42. hxg3 Bh3 43. c4 dxc4 44. bxc4 f2 45. Kc3 f1Q 46. Rxf1 Bxf1 47. Kd4 Kf7 48. c5 Kg6 49. c6 Kg5 50. c7 Ba6 51. Ke3 Kg4 52. Kf2 Bb7 0-1

[Event "GRE-chT Div-A 38th"]
[Site "Peristeri"]
[Date "2010.07.06"]
[Round "2"]
[White "Fragkos, Vasilios"]
[Black "Kazakos, Emmanouil"]
[Result "0-1"]
[WhiteElo "1966"]
[BlackElo "2054"]
[PlyCount "46"]
[EventDate "2010.07.05"]
[EventType "team-swiss"]
[EventRounds "7"]
[EventCountry "GRE"]
[SourceTitle "CBM 137 Extra"]
[Source "ChessBase"]
[SourceDate "2010.09.01"]
[SourceVersion "1"]
[SourceVersionDate "2010.09.01"]
[SourceQuality "1"]

1. e4 c5 2. Nf3 e6 3. d4 cxd4 4. Nxd4 a6 5. Nc3 Qc7 6. Be3 Nf6 7. Bd3 b5 8. 0-0 Bb7 9. a3 d6 10. f4 Nbd7 11. Qf3 Be7 12. Qg3 0-0 13. f5 e5 14. Nf3 Rfe8 15. Kh1 d5 16. exd5 Nxd5 17. Nxd5 Bxd5 18. f6 Nxf6 19. Bh6 Bf8 20. Ng5 Qc6 21. Be2 Kh8 22. Qd3 Bxg2+ 23. Kg1 Bc5+ 0-1

[Event "GRE-chT Div-A 38th"]
[Site "Peristeri"]
[Date "2010.07.05"]
[Round "1"]
[White "Fotiadis, Ioannis"]
[Black "Fragkos, Vasilios"]
[Result "0-1"]
[WhiteElo "1765"]
[BlackElo "1966"]
[PlyCount "60"]
[EventDate "2010.07.05"]
[EventType "team-swiss"]
[EventRounds "7"]
[EventCountry "GRE"]
[SourceTitle "CBM 137 Extra"]
[Source "ChessBase"]
[SourceDate "2010.09.01"]
[SourceVersion "1"]
[SourceVersionDate "2010.09.01"]
[SourceQuality "1"]

1. e4 c5 2. Nf3 d6 3. d4 cxd4 4. Nxd4 Nf6 5. Nc3 e5 6. Ndb5 a6 7. Na3 b5 8. Nd5 Nxe4 9. Qf3 Nc5 10. b4 e4 11. Qe3 Bb7 12. Qd4 Nc6 13. Qd1 Ne6 14. Be3 Nxb4 15. Nxb4 Qa5 16. Rb1 Qxa3 17. Qd2 Be7 18. c4 0-0 19. cxb5 axb5 20. Bxb5 d5 21. 0-0 Bxb4 22. Rxb4 Qxa2 23. Rb2 Qa3 24. Rfb1 Qd6 25. Bc4 Bc6 26. Bxd5 Qxd5 27. Qxd5 Bxd5 28. Rb5 Bc4 29. Rh5 Bd3 30. Rd1 Be2 0-1